Štyri

Bibliographic Details
Corporate Author: Štyri spevácka skupina (roz)
Other Authors: Ruček, Pavol, 1972- (uci), Vrabec, Rado (uci), Machaj, Martin (fot)
Format: Book
Language:Slovak
PhysicalDescription:1 kompaktná platňa stereo
Published: Bratislava Universal Music 1999
Subjects:

MARC

LEADER 00000nam a2200000 a 4500
001 vtls001379896
003 SK-MaSNL
005 20260301011323.0
008 160624s1999 xo 0 slo
015 |a SNBJ1999/04-02088 
035 |a SNK000333875 
040 |a SNK  |b slo  |c SNK  |e AACR2 
041 0 |a slo 
044 |a xo  |c SK 
080 |a 784.66:785.1(086.7)  |2 1981 
245 1 |a Štyri  |h zvukový dokument 
260 |a Bratislava  |b Universal Music  |c 1999 
300 |a 1 kompaktná platňa  |b stereo 
500 |a Fotograf Martin Machaj 
505 0 |a Obsahuje 14 piesní 
511 |a Účinkuje spevácka skupina Štyri 
511 |a Spoluúčinkujú Pavol Ruček, saxofón; Rado Vrabec, gitara 
650 0 7 |a populárna hudba  |x platne kompaktné  |2 SNK  |9 283660 
655 7 |a kompaktné platne  |2 SNK  |9 70690 
700 1 |a Ruček, Pavol,  |d 1972-  |4 uci  |9 46606 
700 1 |a Vrabec, Rado  |4 uci  |9 294547 
700 1 |a Machaj, Martin  |4 fot  |9 294548 
710 0 |a Štyri spevácka skupina  |4 roz  |9 294549 
999 |c 550554  |d 552484 
952 |t P60, <03>, [BOOK], {603}  |a SNK  |b SNK  |y PREZ  |7 0  |p 17A0222183  |o snkSCD 930  |i snkJK 569/99  |0 0  |1 0  |4 0  |d 1999-12-22  |l 0  |r 2005-01-02 00:00:00  |w 2026-02-23